Рассказы о юных героях: повести; Павлик Морозов; Солнце Полесья; Девочки

Bibliographische Detailangaben
1. Verfasser: Губарев В. Г. Виталий Георгиевич
Sprache:Russisch
Veröffentlicht: Москва, ДОСААФ СССР, 1979
TOC:Павлик Морозов; Солнце Полесья; Девочки;
Schriftenreihe:Библиотека юношества
Schlagworte:
Format: MixedMaterials Buch
KOHA link:https://koha.lib.tpu.ru/cgi-bin/koha/opac-detail.pl?biblionumber=374153

MARC

LEADER 00000nam0a2200000 4500
001 374153
005 20231102012629.0
035 |a (RuTPU)RU\TPU\retro\31587 
035 |a RU\TPU\book\312049 
090 |a 374153 
100 |a 20221216d1979 e y0rusy50 ca 
101 0 |a rus 
102 |a RU 
105 |a a z 000ay 
200 1 |a Рассказы о юных героях  |e повести  |f В. Г. Губарев 
210 |a Москва  |c ДОСААФ СССР  |d 1979 
215 |a 191 с.  |c ил. 
225 1 |a Библиотека юношества 
464 |t Павлик Морозов; Солнце Полесья; Девочки  |o повести 
606 1 |a Русская литература современная  |2 stltpush  |3 (RuTPU)RU\TPU\subj\26373  |9 50316 
610 1 |a художественная литература 
610 1 |a повести 
610 1 |a Великая Отечественная война 1941-1945 
610 1 |a героизм 
610 1 |a дети 
610 1 |a подвиги 
610 1 |a военная проза 
675 |a Р2  |v 4 
700 1 |a Губарев  |b В. Г.  |g Виталий Георгиевич  |4 070 
801 1 |a RU  |b 63413507  |c 20150318 
801 2 |a RU  |b 63413507  |c 20221216  |g RCR 
942 |c BK